000 00679nam a2200229Ia 4500
003 OSt
005 20221007081935.0
006 a|||||r|||| 00| 0
007 ta
008 221006b |||||||| |||| 00| 0 eng d
024 _a26,924
037 _cReports / Technical Reports
040 _aFLL
_cFLL
_beng
041 _2eng
_aeng
082 _aZy7, K7
100 _aFryer William T.
_9698337
245 0 _aCases and materials on legal method and legal system
260 _aSt. Paul ,
_bMinn. West Publishing Co. St. Minn.
_c1967
300 _aliii,1-1043p
_ccm.
942 _hZy7, K7
_cREP
_2CC
999 _c1164787
_d1164787